000 00638nam a22002177a 4500
003 UA-OsUOA
001 40286
007 ta
008 20060724b un ||||| |||| 00| 0 ukr d
090 _a821.161.2
_bП75
942 _cBK
040 _aUA-OsUOA
_bukr
_cUA-OsUOA
_dUA-OsUOA
245 _aПригоди, подорожі, фантастика: Повісті, оповідання, нариси
_bЗбірник
300 _a245 с.
955 _a3
041 _aukr
080 _a821.161.2
260 _aК.
_bМолодь
_c1983
650 7 _a82 Література. Літературознавство
_2UDC
999 _c326426
_d326426